000 02274cam a22005294i 4500
003 PE-LiUPU
005 20250731165550.0
008 150625s r 000 0 d
035 _a(Sirsi) a34444
035 _a(Sirsi) a34444
040 _aPE-LiUPU
_bspa
_cPE-LiUPU
_erda
082 0 4 _a985.04
_bD
_223
100 1 _aDenegri Luna, Félix,
_eautor.
245 1 0 _aObra Gubernativa y Epistolario de Bolívar :
_nVolumen 3.
_bLibro de decretos del libertador Simón Bolivar - 1824 /
_cedición de Felix Denegri Luna, Guillermo Durand Flórez y Alberto Rosas Siles ; con la colaboración de Margarita Guerra M.
264 1 _aLima :
_bComisión Nacional del Sesquicentenario de la Independencia del Perú,
_c1975.
300 _a485 páginas ;
_c24 centímetros.
336 _atext
_2rdacontent
337 _aunmediated
_2rdamedia
338 _avolume
_2rdacarrier
490 0 _aColección Documental de la Independencia del Perú ;
_v14
500 _a"Año de la mujer peruana"
505 _aCuartel general en Trujillo -- Cuartel general en Hamachuco -- Cuartel general en Caraz -- Cuartel general en Huaraz -- Cuartel general en Huánuco -- Cuartel general en Huariaca -- Cuartel general en Cerro de Pasco -- Cuartel general en Huancayo -- Cuartel general en Huamanga -- Cuartel general en Huancavelica -- Cuartel general en Tarma -- Cuartel general en Chancay.
526 _aSEG44
526 _aSEG26
526 _aP151
526 _aP150
526 _aP149
526 _aP146
526 _aP145
526 _aP126
526 _aP125
526 _aP92
526 _aP75
526 _aP74
526 _aP27
526 _aP15
600 1 _aBolívar, Simón.
_d1783-1830
_xCorrespondencia
651 _aPerú
_xHistoria
_yRepública, 1825-
_xDocumentos.
700 1 _aDenegri Luna, Félix,
_d1919-1998,
_eeditor.
700 1 _aGuerra, Margarita
700 1 _aRosas Siles, Alberto
700 1 _aDurand Flórez, Guillermo1915-1986.
942 _2ddc
_cBK
949 _aRC 985.04 D 14 / 3
_wDEWEY
_c1
_i17018
_lRC
_mBUL
_r0
_sY
_tBOOK
_u2015-6-25
_xBIBLIOTECA
_zUNKNOWN
_0COMPRA
_o.CIRCNOTE. No olvidar cambiar la fecha de devolución!!!!!!!
_o.STAFF. Colección General
999 _c42301
_d42301
980 _81
_gALBERTO SANCHEZ Responsable de Automatización